000 00251nam a2200109Ia 4500
008 190912s9999||||xx |||||||||||||| ||und||
100 _aStephen,James
245 0 _aStep Ahead
260 _aSingapore
_bPenguin Books
_c1995
300 _a103
942 _cBK
999 _c7296
_d7296